01908nas a22002417a 4500999001700000005001700017007001200034008004100046022001400087040000900101082001500110245007700125260003800202300001600240310001400256365001600270500120900286650007001495651001601565655002001581856003601601942002901637 c40847d4084720200515101335.0cz aa aaaaa200428c q||poo|||| 00| 0 eng d a2664-8806 coclc a658bJOU/M aInternational Journal of Research in Managementhe-Journal (Open Access) bPrime PublicationsaDelhi, India  aPDF(online) aQuarterly eOpen Access aInternational Journal of Research in Management is an open access, peer-reviewed and refereed journal. This journal is peer-reviewed and refereed journal publishing high quality papers on all aspects of Management and Economics, Human Resource Management, Organizational Behavior and Organizational Management, International Business, Knowledge Management, Environmental Management, Data Analysis and Decision Making, Technology and Operations Management, Strategic Decision Making, Negotiations and Competitive Decision Making, Ethics in Management, Corporate Governance, Corporate Social Responsibility, Entrepreneurship and Innovation, Public Management, Rural Management, General Management, Hotel Management, Intellectual Property Rights, Education Management, Communication Management, Lifecycle Management, Spiritual Management, Tourism Management, Hospitality Management, Leisure Management, Inventory Management, Waste Management, Hospital Management, Financial Markets, International Business, International Finance, E-Business, Empirical Finance, Financial Economics, Financial Engineering, Financial Forecasting, Financial Risk Management and Analysis, Systemic Risk, Corporate Finance, etc. 0aTechnologyvManagementzManagement & auxiliary services92324 092254aIndia 092257ae-Journal uhttp://www.managementpaper.net/ 2ddccEJh658k658mJOU/M